Terza Declinazione latina - Secondo gruppo - Neutro - Statistics

Statistiche generali
  • Questo quiz è stato fatto 13 volte
  • Il punteggio medio è 10 su 12
Statistiche sulle risposte
Caso Singolare % Corretto
Nominativo Os
100%
Dativo Ossi
100%
Gentivio Ossis
100%
Accusativo Os
92%
Vocativo Os
92%
Ablativo Osse
92%
Nominato Ossa
83%
Accusativo Ossa
75%
Vocativo Ossa
75%
Dativo Ossibus
75%
Ablativo Ossibus
75%
Genitivo Ossium
75%
Nessun quiz corrispondente trovato
Distribuzione punteggi
Percentuale di utenti per punteggio
Percentile per numero di risposta
I tuoi punteggi nel tempo
Non hai fatto questo quiz